[Event "Barcelona La Lira-C 15th"]
[Site "Barcelona"]
[Date "2012.07.26"]
[Round "6"]
[White "Briones Mera, Eduardo"]
[Black "Malatesta Guerrero, Eloy"]
[Result "1-0"]
[WhiteElo "1700"]
[BlackElo "1728"]
[PlyCount "77"]
[EventDate "2012.07.21"]
[EventType "tourn"]
[EventRounds "9"]
[EventCountry "ESP"]
[SourceTitle "EXT 2014"]
[Source "ChessBase"]
[SourceDate "2013.11.20"]
[SourceVersion "1"]
[SourceVersionDate "2013.11.20"]
[SourceQuality "1"]

1. d4 d5 2. c4 e6 3. Nc3 c5 4. Nf3 Nc6 5. e3 Nh6 6. e4 dxe4 7. Nxe4 cxd4 8. Bd3 Bb4+ 9. Ned2 Ng4 10. h3 Nge5 11. Nxe5 Nxe5 12. Qa4+ Nc6 13. Be4 Bd7 14. Bxc6 Bxd2+ 15. Bxd2 Bxc6 16. Qa3 Qh4 17. 0-0 g5 18. f3 h5 19. Be1 Qf4 20. Qd3 Qe5 21. Bf2 Rd8 22. Rad1 Rg8 23. Bxd4 Qd6 24. Qc3 g4 25. hxg4 hxg4 26. Be5 Qc5+ 27. Bd4 Qh5 28. Kf2 g3+ 29. Ke1 a6 30. c5 Bb5 31. Rg1 Qh2 32. Kd2 e5 33. Rde1 Kf8 34. Qe3 Rxd4+ 35. Kc1 Qh7 36. b3 Rd3 37. Qxe5 Qh6+ 38. f4 Qg7 39. Qb8+ 1-0

[Event "Barcelona La Lira-C 15th"]
[Site "Barcelona"]
[Date "2012.07.22"]
[Round "2"]
[White "Briones Mera, Eduardo"]
[Black "Lopez Palomino, Nilton Cesar"]
[Result "0-1"]
[WhiteElo "1700"]
[BlackElo "1754"]
[PlyCount "110"]
[EventDate "2012.07.21"]
[EventType "tourn"]
[EventRounds "9"]
[EventCountry "ESP"]
[SourceTitle "EXT 2014"]
[Source "ChessBase"]
[SourceDate "2013.11.20"]
[SourceVersion "1"]
[SourceVersionDate "2013.11.20"]
[SourceQuality "1"]

1. d4 d5 2. c4 Nc6 3. Nf3 Bg4 4. e3 e5 5. Be2 exd4 6. exd4 Bb4+ 7. Nc3 Nge7 8. 0-0 dxc4 9. Bxc4 0-0 10. Qd3 Bxf3 11. Qxf3 Qxd4 12. Bb3 Qc5 13. Qg3 Nd4 14. Kh1 Nxb3 15. axb3 Qc6 16. Bd2 Rad8 17. Ra4 a5 18. Bf4 Rd7 19. Raa1 Ng6 20. Ne2 Re8 21. Ng1 Nxf4 22. Qxf4 Rde7 23. Nf3 b6 24. Rg1 Qc2 25. Qd4 Bc5 26. Rac1 Qxf2 27. Qxf2 Bxf2 28. Rgf1 Bc5 29. g3 f6 30. Nh4 Re2 31. Rcd1 Rxb2 32. Rd7 Ree2 33. Nf3 Rf2 34. Rd8+ Kf7 35. Rd7+ Kg6 36. Nh4+ Kh6 37. Nf5+ Kg5 38. Rxf2 Rxf2 39. Nxg7 Re2 40. Rd5+ Kg6 41. Nh5 Re5 42. Nf4+ Kf7 43. Rd7+ Re7 44. Rxe7+ Kxe7 45. Nd5+ Ke6 46. Nxc7+ Ke5 47. h4 Kd4 48. Nb5+ Kd3 49. g4 Kc2 50. Kg2 Kxb3 51. Kf3 Kb4 52. Ke4 Kxb5 53. Kf5 Bd4 54. g5 fxg5 55. hxg5 a4 0-1